| 000 | 00512nam a2200193Ia 4500 | ||
|---|---|---|---|
| 008 | 170918s9999 xx 000 0 und d | ||
| 020 | _a9780590929226 | ||
| 050 | _bB838 2000 | ||
| 100 | _aBrenner, Barbara | ||
| 245 | _aIf you lived in Williamsburg in Colonial days / | ||
| 245 | _cBarbara Brenner ; illustrated by Jenny Williams. | ||
| 260 | _aNew York : | ||
| 260 | _bScholastic, | ||
| 260 | _c2000 | ||
| 300 | _a79 pages : | ||
| 300 | _bcolored illustration ; | ||
| 300 | _c19cm. | ||
| 500 | _a850 | ||
| 999 |
_c342132 _d342132 |
||